| 000 | 00493cam2a220018100 4500 | ||
|---|---|---|---|
| 001 | zam00002916 | ||
| 008 | 951128s1963 xx eng u | ||
| 035 | _a(Sirsi) r20253 | ||
| 035 | _a(MACHINE)SLC. | ||
| 050 | _aDT 30 NKR 1963 | ||
| 100 |
_aNkrumah, K. _6A80768.1 |
||
| 245 | _aAfrica must unite. | ||
| 591 | _aClass code: H 230. | ||
| 591 | _aCourse: History of modern Africa. | ||
| 591 | _aSchool: S05. | ||
| 591 | _aLecturer: Dr. MULENGA, M.N. | ||
| 591 | _aNumber of Students: 24. | ||
| 999 |
_c8435 _d8435 |
||